दीनू की दुनिया / (Record no. 113641)

MARC details
000 -LEADER
fixed length control field 00993nam a22002777a 4500
003 - CONTROL NUMBER IDENTIFIER
control field dpl
005 - DATE AND TIME OF LATEST TRANSACTION
control field 20180628122436.0
008 - FIXED-LENGTH DATA ELEMENTS--GENERAL INFORMATION
fixed length control field 180628b xxu||||| |||| 00| 0 eng d
010 ## - LIBRARY OF CONGRESS CONTROL NUMBER
LC control number A-809585
020 ## - INTERNATIONAL STANDARD BOOK NUMBER
Terms of availability 40.00
International Standard Book Number 8186103120
035 ## - SYSTEM CONTROL NUMBER
System control number A-809585, A-809597
037 ## - SOURCE OF ACQUISITION
Source of stock number/acquisition Cen Lib/Ret
040 ## - CATALOGING SOURCE
Original cataloging agency DPL
Language of cataloging HN
Transcribing agency 0
082 ## - DEWEY DECIMAL CLASSIFICATION NUMBER
Classification number
Item number हसन
100 ## - MAIN ENTRY--PERSONAL NAME
Personal name हसन जमाल
9 (RLIN) 2233
245 ## - TITLE STATEMENT
Title दीनू की दुनिया /
Statement of responsibility, etc हसन जमाल
246 ## - VARYING FORM OF TITLE
Title proper/short title Deenu ki duniya /
Remainder of title by Hasan Zamal
260 ## - PUBLICATION, DISTRIBUTION, ETC. (IMPRINT)
Place of publication, distribution, etc जोधपुर
Name of publisher, distributor, etc राजस्थानी ग्रंथागार
Date of publication, distribution, etc 1995
270 ## - ADDRESS
Address सोजती गेट
City जोधपुर
300 ## - PHYSICAL DESCRIPTION
Extent 62पृ.
Dimensions 21सेमी (सजिल्द)
650 ## - SUBJECT ADDED ENTRY--TOPICAL TERM
Topical term or geographic name as entry element हिन्दी साहित्य
9 (RLIN) 53183
650 ## - SUBJECT ADDED ENTRY--TOPICAL TERM
Topical term or geographic name as entry element हिन्दी उपन्यास
9 (RLIN) 53184
650 ## - SUBJECT ADDED ENTRY--TOPICAL TERM
Topical term or geographic name as entry element Hindi - literature
9 (RLIN) 53185
650 ## - SUBJECT ADDED ENTRY--TOPICAL TERM
Topical term or geographic name as entry element Hindi novel
9 (RLIN) 53186
942 ## - ADDED ENTRY ELEMENTS (KOHA)
Source of classification or shelving scheme Dewey Decimal Classification
Koha item type Hindi Books
Classification part
Call number suffix हसन
Holdings
Withdrawn status Lost status Damaged status Not for loan Home library Current library Date acquired Source of acquisition Cost, normal purchase price Total Checkouts Full call number Barcode Date last seen Copy number Cost, replacement price Price effective from Koha item type Source of classification or shelving scheme Collection code
        Central Library Central Library 13/08/2015 Cen Lib/Ret 40.00   उ हसन A-809585 13/08/2015 1 40.00 13/08/2015 Hindi Books    
        Shahdara Branch Shahdara Branch 28/06/2018 BPPD/PUB 40.00   उ हसन A-809597 28/06/2018   40.00 28/06/2018 Hindi Books Dewey Decimal Classification Fiction

© Delhi Public Library
Hit Counter
free hit counter